Most Populated City By Letter - Statistics

General Stats
  • This quiz has been taken 50 times
  • The average score is 15 of 26
Answer Stats
Letter City % Correct
B Beijing
87%
T Tokyo
84%
C Cairo
82%
J Jakarta
80%
N New Delhi
80%
P Paris
78%
S Shanghai
78%
G Guangzhou
73%
M Mexico City
71%
R Rio De Janeiro
71%
I Istanbul
67%
L Lagos
67%
X Xi'An
67%
W Wuhan
58%
O Osaka
56%
D Dhaka
53%
A Ahmedabad
49%
K Karachi
47%
H Hyderabad
44%
Q Qingdao
42%
U Urumqi
36%
Z Zhengzhou
31%
Y Yangon
29%
V Vienna
27%
F Foshan
11%
E Ekurhuleni
0%
No matching quizzes found
Score Distribution
Percent of People with Each Score
Percentile by Number Answered
Your Score History
You have not taken this quiz